000 00260nam a22001217a 4500
008 171220b xxu||||| |||| 00| 0 eng d
041 _aeng
080 _a338
100 _a54
101 _aMEN
245 _aTHE HIDDEN AGENDA
_cELEFREY.P
942 _2udc
_cBK
999 _c39236
_d39236